[Event "Bucharest Grand Prix op"]
[Site "Bucharest"]
[Date "2024.03.24"]
[Round "10"]
[White "Buzbuchi, Ionut"]
[Black "Arba, Constantin Andrei"]
[Result "1-0"]
[WhiteElo "2035"]
[BlackElo "1924"]
[PlyCount "77"]
[EventDate "2024.03.23"]
[EventType "swiss (rapid)"]
[EventRounds "10"]
[EventCountry "ROU"]
[SourceTitle "CB13_2024"]
[SourceDate "2024.03.27"]
[SourceVersion "1"]
[SourceVersionDate "2024.03.27"]
[SourceQuality "1"]

1. Nf3 d5 2. g3 c5 3. Bg2 Nc6 4. 0-0 Nf6 5. d3 g6 6. Nbd2 Bg7 7. e4 Bg4 8. h3 Bxf3 9. Qxf3 Ne5 10. Qe2 d4 11. f4 Nc6 12. a4 e5 13. Nc4 Nh5 14. Qf2 exf4 15. gxf4 0-0 16. Bf3 Nf6 17. Qg2 Nd7 18. Nd6 Qc7 19. e5 Rad8 20. Nxb7 Qxb7 21. Bxc6 Qc7 22. Bd2 Rc8 23. Bd5 Nb6 24. Be4 c4 25. Bb4 Rfe8 26. Bd6 Qd7 27. a5 Na4 28. Bd5 Nxb2 29. Rab1 c3 30. f5 Bxe5 31. fxg6 Qxd6 32. gxf7+ Kh8 33. fxe8Q+ Rxe8 34. Rf5 Rd8 35. Rbf1 Bg7 36. Rg5 Qh6 37. Rf7 Bf6 38. Rxf6 Qxf6 39. Rg8+ 1-0

[Event "Bucharest Grand Prix op"]
[Site "Bucharest"]
[Date "2024.03.23"]
[Round "2"]
[White "Arba, Constantin Andrei"]
[Black "Stoleriu, George"]
[Result "0-1"]
[WhiteElo "1924"]
[BlackElo "2391"]
[PlyCount "84"]
[EventDate "2024.03.23"]
[EventType "swiss (rapid)"]
[EventRounds "10"]
[EventCountry "ROU"]
[SourceTitle "CB13_2024"]
[SourceDate "2024.03.27"]
[SourceVersion "1"]
[SourceVersionDate "2024.03.27"]
[SourceQuality "1"]

1. e4 c6 2. d4 d5 3. Nc3 dxe4 4. Nxe4 Nf6 5. Nxf6+ exf6 6. c3 Bd6 7. Bd3 0-0 8. Ne2 Re8 9. 0-0 Nd7 10. Bf4 Nf8 11. Bxd6 Qxd6 12. Ng3 Ng6 13. Qc2 Be6 14. Ne4 Qc7 15. Nc5 Re7 16. Bxg6 hxg6 17. Nxe6 Rxe6 18. Rae1 Rae8 19. Rxe6 Rxe6 20. b4 Qe7 21. Qd3 Re2 22. a4 Ra2 23. a5 Qe6 24. h3 g5 25. Qb1 g6 26. Re1 Qc4 27. Re8+ Kg7 28. Re3 Ra3 29. Qb2 Rb3 30. Qc2 Rxb4 31. Qe2 Rb1+ 32. Kh2 Qd5 33. Qf3 Qxa5 34. Re7 Qd8 35. Qe4 Qd6+ 36. g3 Rb2 37. Kg2 Qd5 38. Qxd5 cxd5 39. Rd7 Rb5 40. Kf3 a5 41. Ke3 a4 42. Rd8 Ra5 0-1